| 000 -LEADER |
| fixed length control field |
00824nam a2200229Ia 4500 |
| 001 - CONTROL NUMBER |
| control field |
12404 |
| 003 - CONTROL NUMBER IDENTIFIER |
| control field |
GE_BSU |
| 008 - FIXED-LENGTH DATA ELEMENTS--GENERAL INFORMATION |
| fixed length control field |
181216s||||||||xx |||||||||||||| ||und|| |
| 040 ## - CATALOGING SOURCE |
| Transcribing agency |
GE_BSU |
| 080 ## - UNIVERSAL DECIMAL CLASSIFICATION NUMBER |
| Universal Decimal Classification number |
633.1 |
| 245 ## - TITLE STATEMENT |
| Title |
Руководство по апробации сельскохозяйственных культур. Т.1 |
| 245 ## - TITLE STATEMENT |
| Remainder of title |
Зерновые культуры (пшеница,рожь, ячмень,овёс) |
| 245 ## - TITLE STATEMENT |
| Statement of responsibility, etc. |
Ред.Б.Я.Крызошлык |
| 250 ## - EDITION STATEMENT |
| Edition statement |
5-ое дополн.и перераб. |
| 260 ## - PUBLICATION, DISTRIBUTION, ETC. |
| Place of publication, distribution, etc. |
Москва |
| 260 ## - PUBLICATION, DISTRIBUTION, ETC. |
| Name of publisher, distributor, etc. |
Сельхозгиз |
| 260 ## - PUBLICATION, DISTRIBUTION, ETC. |
| Date of publication, distribution, etc. |
1947 |
| 300 ## - PHYSICAL DESCRIPTION |
| Extent |
639стр.илл. |
| 300 ## - PHYSICAL DESCRIPTION |
| Accompanying material |
Приложения с.593-636 |
| 653 ## - INDEX TERM--UNCONTROLLED |
| Uncontrolled term |
Руководство по апробации сельскохозяйственных культур |
| 942 ## - ADDED ENTRY ELEMENTS (KOHA) |
| Koha item type |
წიგნი |